Violent children /

Bibliographic Details
Other Authors: Grapes, Bryan J.
Format: Book
Language:English
Published: San Diego, Calif. : Greenhaven Press, [2000]
Series:At issue (San Diego, Calif.)
Subjects:

MARC

Tag First Indicator Second Indicator Subfields
LEADER 00000cam a2200000 a 4500
001 in00001637814
005 20151023071013.0
008 990511s2000 cau b 001 0 eng
010 |a  99030143  
020 |a 0737701595 (lib. bdg. : alk. paper) 
020 |a 0737701587 (pbk. : alk. paper) 
035 |a (OCoLC)ocm41411955 
040 |a DLC  |c DLC  |d RIC  |d KUT  |d C#P  |d UtOrBLW 
049 |a TXAM 
050 0 0 |a HQ784.V55  |b V55 2000 
082 0 0 |a 303.6/083  |2 21 
245 0 0 |a Violent children /  |c Bryan J. Grapes, book editor. 
264 1 |a San Diego, Calif. :  |b Greenhaven Press,  |c [2000] 
264 4 |c ©2000 
300 |a 78 pages ;  |c 24 cm. 
336 |a text  |b txt  |2 rdacontent 
337 |a unmediated  |b n  |2 rdamedia 
338 |a volume  |b nc  |2 rdacarrier 
490 1 |a At issue 
504 |a Includes bibliographical references and index. 
505 0 |a Violent song lyrics encourage aggressive behavior in children / Debbie Pelley -- Violent song lyrics do not encourage aggressive behavior in children / Stephen Chapman -- Television contributes to violent behavior in children / Joanne Cantor -- Television does not contribute to violent behavior in children / Mike Males -- Video games cause aggressive behavior in children / Stephen Barr -- Video games do not cause aggressive behavior in children / Tom Kalinske -- The availability of guns contributes to violent behavior in children / Randy M. Page and Jon Hammermeister -- The availability of guns does not contribute to violent behavior in children / Robert W. Lee -- Fatherlessness contributes to juvenile violence / Wade F. Horn -- The breakdown of the family has caused children to be more violent / Patrick F. Fagan -- Violent children come from a variety of backgrounds / Maria Eftimiades ... [et al.]. 
650 0 |a Children and violence. 
700 1 |a Grapes, Bryan J. 
830 0 |a At issue (San Diego, Calif.) 
994 |a E0  |b TXA 
948 |a cataloged  |b h  |c 2001/11/9  |d c  |e blrosas  |f 10:22:17 am 
999 |a MARS 
999 f f |s e31eb77f-88a1-3a9b-9bc2-4827014a5463  |i a85ddf29-e9af-3254-8be9-c2b4cdd06ee7  |t 0 
952 f f |p ric  |a Texas A&M University  |b Rellis Campus  |c Joint Library Facility  |d Remote Storage  |t 0  |e HQ784.V55 V55 2000  |h Library of Congress classification  |i unmediated -- volume  |m A14828284332 
998 f f |a HQ784.V55 V55 2000  |t 0  |l Remote Storage